Score 0/20 Timer 08:00
0 Plays Today
World Leader % Correct
Nelson Mandela
97.5%
Ronald Reagan
91.5%
Margaret Thatcher
85.3%
Indira Gandhi
73.2%
Idi Amin
68%
Francisco Franco
65.3%
Boris Yeltsin
55.7%
Benazir Bhutto
55.4%
Augusto Pinochet
53.2%
Eva Perón
51.4%
World Leader % Correct
Ruhollah Khomeini
46.1%
Pierre Trudeau
44.4%
Rainier III
38.8%
Yasser Arafat
35.4%
Yitzhak Rabin
32.8%
Václav Havel
32.6%
Corazon Aquino
27.5%
Deng Xiaoping
25.7%
Kurt Waldheim
23.5%
Enver Hoxha
16%
Remove Ads.
Support Sporcle.
Get the best of Sporcle when you Go Orange. This ad-free experience offers more features, more stats, and more fun while also helping to support Sporcle. Thank you for becoming a member.

You're not logged in!

Compare scores with friends on all Sporcle quizzes.
OR
Log In

Sporcle TV

Today on Sporcle TV


Watch our educational content, quiz creation guides, and fun videos on Sporcle TV.

Show Comments

Extras

Top Quizzes Today


Score Distribution

Paid Content

Your Account Isn't Verified!

In order to create a playlist on Sporcle, you need to verify the email address you used during registration. Go to your Sporcle Settings to finish the process.

Report this User

Report this user for behavior that violates our Community Guidelines.

Details: